000 00833nam a2200253 a 4500
001 adlib96000001
003 ViArRB
005 200902210153555.7
008 960221s1955 dcuabcdjdbkoqu001 0deng d
020 _a
022 _a
040 _aAdlib
082 _a54
245 _aChemistry of the environment
250 _a
260 _aNew York
_bAcademic Press
_c1978
300 _ax, 575p.
_c
500 _a
100 _aBailey, R A
_e
700 _a
_a
942 _cBK
653 _aChemistry
_aSpectroscopy
_aBiochemistry
_aSpectrum analysis
_aAcids
_aBases- chemistry
_aPhysical science
_aScience
_aPhysical chemistry
_aPolymers
_aThermodynamics
_aChemical engineering
_aBiotechnology
_aChemical technology
952 _w2010-06-16
_p00017643
_r2010-10-30
_40
_00
_bUL
_10
_o54 BAI
_d2010-06-16
_70
_yBK
_s2010-09-09
_l1
_aUL
999 _c14630
_d14629